LEADER 05381nam 2200649 450 001 9910463943403321 005 20200520144314.0 010 $a0-19-991087-1 010 $a0-19-987544-8 035 $a(CKB)2670000000606964 035 $a(EBL)2000879 035 $a(SSID)ssj0001459771 035 $a(PQKBManifestationID)12496854 035 $a(PQKBTitleCode)TC0001459771 035 $a(PQKBWorkID)11464488 035 $a(PQKB)10316539 035 $a(MiAaPQ)EBC2000879 035 $a(Au-PeEL)EBL2000879 035 $a(CaPaEBR)ebr11038103 035 $a(CaONFJC)MIL759749 035 $a(OCoLC)905902883 035 $a(EXLCZ)992670000000606964 100 $a20150410h20152015 uy 0 101 0 $aeng 135 $aur|n|---||||| 181 $ctxt 182 $cc 183 $acr 200 04$aThe prophet and the reformer $ethe letters of Brigham Young and Thomas L. Kane /$fedited by Matthew J. Grow and Ronald W. Walker 210 1$aNew York, New York :$cOxford University Press,$d2015. 210 4$dİ2015 215 $a1 online resource (569 p.) 300 $aIncludes index. 311 $a0-19-539773-8 311 $a1-336-28463-3 327 $aCover; The Prophet and the Reformer; Copyright; Dedication; Contents; Abbreviations Used in Notes; Editorial Method/Transcription Symbols; Introduction; 1 Young to Kane, August 2, 1846; 2 Kane to Young, September 10, 1846; 3 Kane to Young, September 22, 1846; 4 Kane to Young, November 5, 1846; 5 Kane to Young or Willard Richards, December 2, 1846; 6 Young and Willard Richards to Kane, December 6, 1847; 7 Kane to Young, December 9, 1847; 8 Young to Kane, February 9, 1848; 9 Kane to Young, March 14, 1848; 10 Young to Kane, May 9, 1848; 11 Young to Kane, October 20, 1849 327 $a12 Kane to Young, July 11, 185013 Kane to Young, September 24, 1850; 14 Kane to Young, February 19, 1851; 15 Kane to Young, February 21, 1851; 16 Kane to Young, April 7, 1851; 17 Kane to Young, April 7, 1851; 18 Kane to Young, Heber C. Kimball, and Willard Richards, July 29, 1851; 19 Young, Heber C. Kimball, and Willard Richards to Kane, September 15, 1851; 20 Young to Kane, May 29, 1852; 21 Kane to Young, October 17, 1852; 22 Young to Kane, May 20, 1853; 23 Kane to Young, July 18, 1853; 24 Young to Kane, January 31, 1854; 25 Kane to Young, April 28, 1854; 26 Young to Kane, June 29, 1854 327 $a27 Young to Kane, October 30, 185428 Kane to Young, January 5, 1855; 29 Kane to Young, July 10, 1855; 30 Young to Kane, September 30, 1855; 31 Young to Kane, April 14, 1856; 32 Young to Kane, January 7, 1857; 33 Young to Kane, January 31, 1857; 34 Kane to Young, circa March 1857; 35 Kane to Young, May 21, 1857; 36 Young to Kane, June 29, 1857; 37 Young to Kane, September 12, 1857; 38 Kane to Young, February 17, 1858; 39 Kane to Young, February 25, 1858; 40 Young to Kane, February 25, 1858; 41 Young to Kane, March 9, 1858; 42 Kane to Young, ca. March 16, 1858; 43 Young to Kane, April 17, 1858 327 $a44 Young to Kane, May 8, 185845 Young to Kane, May 12, 1858; 46 Kane to Young, July 5, 1858; 47 Kane to Young, July 18, 1858; 48 Young to Kane, August 6, 1858; 49 Kane to Young, August 25, 1858; 50 Young to Kane, September 1, 1858; 51 Young to Kane, September 10, 1858; 52 Young to Kane, October 22, 1858; 53 Young to Kane, October 29, 1858; 54 Young to Kane, November 22, 1858; 55 Young to Kane, January 14, 1859; 56 Young to Kane, May 3, 1859; 57 Kane to Young, July 24, 1859; 58 Young to Kane, September 17, 1859; 59 Young to Kane, December 15, 1859; 60 Young to Kane, March 22, 1860 327 $a61 Kane to Young, April 25, 186062 Young to Kane, April 26, 1860; 63 Kane to Young, August 15, 1860; 64 Young to Kane, September 27, 1860; 65 Young to Kane, September 21, 1861; 66 Kane to Young, November 23, 1861; 67 Young to Kane, April 29, 1864; 68 Young to Kane, April 15, 1866; 69 Young to Kane, November 9, 1867; 70 Kane to Young, May 4, 1869; 71 Kane to Young, October 13, 1869; 72 Young to Kane, October 15, 1869; 73 Young to Kane, October 26, 1869; 74 Young to Kane, February 14, 1870; 75 Kane to Young, March 20, 1870; 76 Kane to Young, June 18, 1870; 77 Young to Kane, August 16, 1870 327 $a78 Young to Kane, April 16, 1871 330 $aUntil his death in 1877, Brigham Young guided the religious, economic, and political life of the Mormon community, whose settlements spread throughout the West and provoked a profound political, legal, and even military confrontation with the American nation. Young first met Thomas L. Kane on the plains of western Iowa in 1846. Young came to rely on Kane, 21 years his junior, as his most trusted outside adviser, making Kane the most important non-Mormon in the history of the Church. In return, no one influenced the direction of Kane's life more than Young. The letters exchanged by the two offe 606 $aProphets$zUnited States$vCorrespondence 606 $aMormon converts$zUnited States$vCorrespondence 608 $aElectronic books. 615 0$aProphets 615 0$aMormon converts 676 $a289.3092 702 $aGrow$b Matthew J. 702 $aWalker$b Ronald W$g(Ronald Warren),$f1939- 801 0$bMiAaPQ 801 1$bMiAaPQ 801 2$bMiAaPQ 906 $aBOOK 912 $a9910463943403321 996 $aThe prophet and the reformer$92129265 997 $aUNINA LEADER 03356nam 22008895 450 001 9910786269003321 005 20230803025427.0 010 $a0-520-95481-5 024 7 $a10.1525/9780520954816 035 $a(CKB)2670000000335808 035 $a(EBL)1132023 035 $a(OCoLC)829460119 035 $a(DE-B1597)520339 035 $a(OCoLC)842859782 035 $a(DE-B1597)9780520954816 035 $a(MiAaPQ)EBC1132023 035 $a(EXLCZ)992670000000335808 100 $a20200424h20132013 fg 0 101 0 $aeng 135 $aurnn#---|u||u 181 $ctxt$2rdacontent 182 $cc$2rdamedia 183 $acr$2rdacarrier 200 10$aSkin $eA Natural History /$fNina G. Jablonski 210 1$aBerkeley, CA :$cUniversity of California Press,$d[2013] 210 4$dİ2013 215 $a1 online resource (299 p.) 300 $aDescription based upon print version of record. 311 0 $a0-520-27589-6 327 $tFront matter --$tCONTENTS --$tList of Illustrations --$tAcknowledgments --$tPreface to the 2013 Edition --$tIntroduction --$t1. Skin Laid Bare --$t2. History --$t3. Sweat --$t4. Skin and Sun --$t5. Skin's Dark Secret --$t6. Color --$t7. Touch --$t8. Emotions, Sex, and Skin --$t9. Wear and Tear --$t10. Statements --$t11. Future Skin --$tGlossary --$tNotes --$tReferences --$tIndex 330 $aWe expose it, cover it, paint it, tattoo it, scar it, and pierce it. Our intimate connection with the world, skin protects us while advertising our health, our identity, and our individuality. This dazzling synthetic overview is a complete guidebook to the pliable covering that makes us who we are. Skin: A Natural History celebrates the evolution of three unique attributes of human skin: its naked sweatiness, its distinctive sepia rainbow of colors, and its remarkable range of decorations. Jablonski places the rich cultural canvas of skin within its broader biological context for the first time, and the result is a tremendously engaging look at us. 606 $aSkin 610 $a0 nonfiction. 610 $aanthropology. 610 $aart. 610 $abeauty. 610 $abiological context. 610 $abiology. 610 $abody and society. 610 $abody art. 610 $acultural anthropology. 610 $acultural criticism. 610 $acultural identity. 610 $acultural studies. 610 $aengaging. 610 $aevolution. 610 $ahealth. 610 $ahuman body. 610 $ahuman skin. 610 $ahumanity. 610 $aidentity. 610 $aindividuality. 610 $alife sciences. 610 $amammals. 610 $anatural history. 610 $anatural science. 610 $anatural. 610 $apage turner. 610 $aphysical. 610 $apublic health. 610 $arace issues. 610 $ascience ethics. 610 $ascience. 610 $asocial science. 610 $asociology. 610 $atattoos. 610 $avarious prejudices. 615 4$aSkin. 676 $a612.79 676 $a646.72 700 $aJablonski$b Nina G.$4aut$4http://id.loc.gov/vocabulary/relators/aut$0787161 801 0$bDE-B1597 801 1$bDE-B1597 906 $aBOOK 912 $a9910786269003321 996 $aSkin$93792910 997 $aUNINA LEADER 03269nam 2200589 450 001 9910795926403321 005 20230809224926.0 010 $a3-11-051859-7 010 $a3-11-052058-3 024 7 $a10.1515/9783110520583 035 $a(CKB)3710000001418559 035 $a(MiAaPQ)EBC4895027 035 $a(DE-B1597)473510 035 $a(OCoLC)960033551 035 $a(OCoLC)992489471 035 $a(DE-B1597)9783110520583 035 $a(Au-PeEL)EBL4895027 035 $a(CaPaEBR)ebr11405460 035 $a(CaONFJC)MIL1017713 035 $a(EXLCZ)993710000001418559 100 $a20170726h20172017 uy 0 101 0 $ager 135 $aurcnu|||||||| 181 $2rdacontent 182 $2rdamedia 183 $2rdacarrier 200 00$aInfinitives at the syntax-semantics interface $ea diachronic perspective /$fedited by Lukasz Jedrzejowski, Ulrike Demske 210 1$aBerlin, [Germany] ;$aBoston, [Massachusetts] :$cDe Gruyter Mouton,$d2017. 210 4$dİ2017 215 $a1 online resource (x, 362 pages) $cillustrations 225 1 $aTrends in Linguistics Studies and Monographs,$x1861-4302 ;$vVolume 306 311 $a3-11-051847-3 320 $aIncludes bibliographical references at the end of each chapters and indexes. 327 $tFrontmatter -- $tPreface and acknowledgments -- $tTable of contents -- $tList of contributors -- $t1. Infinitival patterns and their diachronic dynamics: Questions and challenges -- $t2. Restructuring at the syntax-semantics interface -- $t3. The Romanian infinitive selected by perception and cognition verbs -- $t4. A diachronic perspective on the semantics of AcI clauses in Greek -- $t5. Finite, infinitival and verbless complementation: The case of believe, suppose and find -- $t6. Early Modern Romanian infinitives: origin and replacement -- $t7. Semantic factors for the status of control infinitives in the history of German -- $t8. Anti-agreeing infinitives in Old Hungarian -- $t9. The emergence of expressions for purpose relations in older Indo-European languages -- $t10. Main clause infinitival predicates and their equivalents in Slavic: Why they are not instances of insubordination -- $tLanguage index -- $tSubject index 330 $aThe major aim of this volume is to investigate infinitival structures from a diachronic point of view and, simultaneously, to embed the diachronic findings into the ongoing theoretical discussion on non-finite clauses in general. All contributions subscribe to a dynamic approach to infinitival clauses by investigating their origin, development and loss in miscellaneous patterns and across different languages. 410 0$aTrends in linguistics.$pStudies and monographs ;$vVolume 306. 606 $aEnglish language$xInfinitive 610 $aInfinitival Structures. 610 $aNon-finite Clauses. 610 $aSyntax-Semantics Interface. 615 0$aEnglish language$xInfinitive. 676 $a425 686 $aET 750$2rvk 702 $aJedrzejowski$b Lukasz 702 $aDemske-Neumann$b Ulrike 801 0$bMiAaPQ 801 1$bMiAaPQ 801 2$bMiAaPQ 906 $aBOOK 912 $a9910795926403321 996 $aInfinitives at the syntax-semantics interface$93772026 997 $aUNINA